<?xml version="1.0" encoding="UTF-8"?><?xml-stylesheet type="text/xsl" href="static/style.xsl"?><OAI-PMH xmlns="http://www.openarchives.org/OAI/2.0/" xmlns:xsi="http://www.w3.org/2001/XMLSchema-instance" xsi:schemaLocation="http://www.openarchives.org/OAI/2.0/ http://www.openarchives.org/OAI/2.0/OAI-PMH.xsd"><responseDate>2026-04-19T03:02:38Z</responseDate><request verb="GetRecord" identifier="oai:recam.amb.cat:20.500.14439/4670" metadataPrefix="marc">https://recam.amb.cat/rest/oai/request</request><GetRecord><record><header><identifier>oai:recam.amb.cat:20.500.14439/4670</identifier><datestamp>2026-04-17T08:47:18Z</datestamp><setSpec>com_20.500.14439_2671</setSpec><setSpec>com_20.500.14439_124</setSpec><setSpec>col_20.500.14439_4526</setSpec></header><metadata><record xmlns="http://www.loc.gov/MARC21/slim" xmlns:dcterms="http://purl.org/dc/terms/" xmlns:xsi="http://www.w3.org/2001/XMLSchema-instance" xmlns:doc="http://www.lyncode.com/xoai" xsi:schemaLocation="http://www.loc.gov/MARC21/slim http://www.loc.gov/standards/marcxml/schema/MARC21slim.xsd">
   <leader>00925njm 22002777a 4500</leader>
   <datafield ind2=" " ind1=" " tag="042">
      <subfield code="a">dc</subfield>
   </datafield>
   <datafield ind2=" " ind1=" " tag="720">
      <subfield code="a">Fundació BCN Formació Professional</subfield>
      <subfield code="e">author</subfield>
   </datafield>
   <datafield ind2=" " ind1=" " tag="260">
      <subfield code="c">2023-01-01</subfield>
   </datafield>
   <datafield ind2=" " ind1=" " tag="520">
      <subfield code="a">La tretzena edició de la col·lecció “Els sectors econòmics emergents i la formació professional a la RMB” està dedicada al sector de les energies renovables. L’objectiu de la publicació és valorar l’adequació de l’oferta de formació professional a les transformacions i tendències de les ocupacions principals d’aquest sector. A partir dels resultats de l’anàlisi dels continguts formatius de l’oferta formativa professional vinculada a les energies renovables i les competències professionals requerides en el mercat de treball, es proposa un seguit de línies d’actuació per adaptar i millorar la resposta del sistema de formació professional a les necessitats del sector.</subfield>
   </datafield>
   <datafield ind1="8" ind2=" " tag="024">
      <subfield code="a">https://hdl.handle.net/20.500.14439/4670</subfield>
   </datafield>
   <datafield tag="653" ind2=" " ind1=" ">
      <subfield code="a">Energies renovables</subfield>
   </datafield>
   <datafield tag="653" ind2=" " ind1=" ">
      <subfield code="a">Economia</subfield>
   </datafield>
   <datafield ind2="0" ind1="0" tag="245">
      <subfield code="a">Els sectors econòmics emergents i la formació professional a la Regió Metropolitana de Barcelona : Sector Energies Renovables</subfield>
   </datafield>
</record></metadata></record></GetRecord></OAI-PMH>